000 00424nam a2200181Ia 4500
001 3275
005 20260306144909.0
008 260306t2012||||xx |||||||||||||| ||spa||
041 _aESP
082 _a263
_bC17
100 _aCalvo Ariño, Maximiliano
_eAUT
245 0 _aEntre la penumbra y la luz
260 _c2012
300 _a180 páginas :
_c20 cm.
650 _aGEN
654 _aCHU
942 _cLIB
_dJUS
_fJUS
_2ddc
_n
999 _c3275
_d3275